SK Brann Current Squad - Statistics

General Stats
  • This quiz has been taken 21 times
  • The average score is 7 of 26
Answer Stats
# Player % Correct
11 Bård Finne
86%
Eirik Horneland
57%
3 Fredrik Pallesen Knudsen
57%
21 Ruben Kristiansen
57%
8 Felix Horn Myhre
50%
10 Emil Kornvig
43%
1 Mathias Lønne Dyngeland
43%
6 Japhet Sery Larsen
36%
19 Sivert Heltne Nilsen
36%
13 Svenn Crone
36%
20 Aune Selland Heggebø
29%
7 Magnus Warming
29%
25 Niklas Jensen Wassberg
29%
26 Eivind Fauske Helland
21%
12 Martin Børsheim
21%
14 Ulrik Mathisen
21%
22 Moonga Aluta Simba
14%
16 Ole Didrik Blomberg
14%
18 Sander Erik Kartum
14%
41 Elias Heggland Myrlid
7%
24 Mathias EngevikK lausen
7%
9 Niklas Fernando Nygaard Castro
7%
23 Thore Baardsen Pedersen
7%
17 Joachim Soldtvedt
0%
15 Jonas Triberg Torsvik
0%
27 Mads Berge Sande
0%
No matching quizzes found
Score Distribution
Percent of People with Each Score
Percentile by Number Answered
Your Score History
You have not taken this quiz